| 000 | 00640nam a2200241 a 4500 | ||
|---|---|---|---|
| 001 | nice12345678 | ||
| 003 | IN_TiNIC | ||
| 005 | 20260116013957.0 | ||
| 008 | 050524s1980 chia grp 000 0 eng | ||
| 020 |
_a0226645 _c797.5 |
||
| 082 | 0 | 0 |
_a915.50404 _bODO |
| 100 | _aO`Donnel, Terence | ||
| 245 |
_aGarden of the Brave in War _b Recollections of Iran |
||
| 260 |
_aChicago _bChicago University Press _c1980 |
||
| 300 | _a216p | ||
| 500 | _aincludes index and biblioraphy | ||
| 505 | 2 | _aMaps | |
| 650 | _aIran-Travel and Description | ||
| 700 | 1 | _aO`Donnel, Terence | |
| 902 | _bSRS | ||
| 942 | _cBK | ||
| 999 |
_c13345 _d13345 |
||